<?xml version="1.0" encoding="UTF-8"?>
<record
    xmlns:xsi="http://www.w3.org/2001/XMLSchema-instance"
    xsi:schemaLocation="http://www.loc.gov/MARC21/slim http://www.loc.gov/standards/marcxml/schema/MARC21slim.xsd"
    xmlns="http://www.loc.gov/MARC21/slim">

  <leader>00400nam a22001337a 4500</leader>
  <datafield tag="999" ind1=" " ind2=" ">
    <subfield code="c">3337</subfield>
    <subfield code="d">3337</subfield>
  </datafield>
  <controlfield tag="008">200608b           ||||| |||| 00| 0 eng d</controlfield>
  <datafield tag="082" ind1="0" ind2="0">
    <subfield code="a">343.096</subfield>
    <subfield code="b">I17</subfield>
  </datafield>
  <datafield tag="110" ind1=" " ind2=" ">
    <subfield code="9">2796</subfield>
    <subfield code="a">Institute of Chartered Shipbrokers</subfield>
  </datafield>
  <datafield tag="245" ind1="1" ind2="0">
    <subfield code="a">Shipping law /</subfield>
  </datafield>
  <datafield tag="260" ind1=" " ind2=" ">
    <subfield code="a">London :</subfield>
    <subfield code="b">Institute of Chartered Shipbrokers ,</subfield>
    <subfield code="c">2010.</subfield>
  </datafield>
  <datafield tag="300" ind1=" " ind2=" ">
    <subfield code="a">x</subfield>
  </datafield>
  <datafield tag="650" ind1=" " ind2="0">
    <subfield code="a">Maritime Law</subfield>
  </datafield>
  <datafield tag="942" ind1=" " ind2=" ">
    <subfield code="c">BK</subfield>
  </datafield>
  <datafield tag="952" ind1=" " ind2=" ">
    <subfield code="0">0</subfield>
    <subfield code="1">0</subfield>
    <subfield code="2">ddc</subfield>
    <subfield code="4">0</subfield>
    <subfield code="6">343_096000000000000_I17</subfield>
    <subfield code="7">0</subfield>
    <subfield code="9">8939</subfield>
    <subfield code="a">CL</subfield>
    <subfield code="b">CL</subfield>
    <subfield code="d">2011-11-25</subfield>
    <subfield code="e">Shroff Publishers an Distributors</subfield>
    <subfield code="l">1</subfield>
    <subfield code="o">343.096 I17</subfield>
    <subfield code="p">11452</subfield>
    <subfield code="r">2024-03-07</subfield>
    <subfield code="s">2024-02-22</subfield>
    <subfield code="v">0.00</subfield>
    <subfield code="y">BK</subfield>
  </datafield>
  <datafield tag="952" ind1=" " ind2=" ">
    <subfield code="0">0</subfield>
    <subfield code="1">0</subfield>
    <subfield code="2">ddc</subfield>
    <subfield code="4">0</subfield>
    <subfield code="7">0</subfield>
    <subfield code="9">13261</subfield>
    <subfield code="a">CL</subfield>
    <subfield code="b">CL</subfield>
    <subfield code="d">2020-08-25</subfield>
    <subfield code="e">15</subfield>
    <subfield code="g">4337.82</subfield>
    <subfield code="r">2020-08-25</subfield>
    <subfield code="v">4337.82</subfield>
    <subfield code="y">BK</subfield>
  </datafield>
</record>
